LEADER 01055cam0-22003611i-450- 001 990006796230403321 005 20081030162701.0 010 $a0-262-69172-8 035 $a000679623 035 $aFED01000679623 035 $a(Aleph)000679623FED01 035 $a000679623 100 $a20010426d1994----km-y0itay50------ba 101 0 $aeng 102 $aUS$aGB 105 $ay-------001yy 200 1 $aJumpstart$ethe economic unification of Germany$fGerlinde Sinn, Hans-Werner Sinn$gtranslated by Juli Irving-Lessmann 210 $aCambridge, Mass.$cMIT Press$aLondon$d1994 215 $aXVIII, 243 p.$d24 cm 454 0$12001$aKaltstart$916983 610 0 $aUnificazione tedesca 676 $a330.943 700 1$aSinn,$bGerlinde$0124498 701 1$aSinn,$bHans-Werner$f<1948- >$0123941 801 0$aIT$bUNINA$gRICA$2UNIMARC 901 $aBK 912 $a990006796230403321 952 $aXI A 2265$b23037$fFSPBC 952 $aF/1.424 SIN$b15514$fSES 959 $aFSPBC 959 $aSES 996 $aKaltstart$916983 997 $aUNINA